• 首页
  • 本馆介绍
  • 公告通知
  • 最新文献
  • 馆藏检索
  • 电子资源
  • 读者导购
  • 参考咨询
  • 我的图书馆
  • 登录
  • 详细信息显示
  • 放入我的书架
  • 预约/预借图书
  • 作者相关作品
  • 分类相关作品
  • 丛书相关作品
  • 出版社相关作品

书目信息

  • 表格格式
  • 工作单格式
  • 卡片格式
题名:
豺狼的日子
    
 
作者: ;中国电影出版社 编辑
分册:  
出版信息: 北京   中国电影出版社  1979
页数: 430页
开本: 20cm
丛书名: 外国影片研究丛书
单 册:
中图分类: I561.35 , I207.35
科图分类:
主题词: 小说--英国--现代 , 电影剧本--英国--现代
电子资源:
ISBN:
000 00832nam2 2200301 45
001 0179003825
005 20040414183210.8
010    @dCNY1.60
091    @a8061.1294
100    @a19950801d1979 em y0chiy0121 ea
101 1  @achi
102    @aCN@b110000
105    @ay z 000ay
106    @ar
200 10 @a豺狼的日子@Achai lang de ri zi@f中国电影出版社编辑
210    @a北京@c中国电影出版社@d1979
215    @a430页@d20cm
225    @a外国影片研究丛书
225 2  @a外国影片研究丛书
410  0 @120010@a外国影片研究丛书
410    @12001 @a外国影片研究丛书
606    @a小说@y英国@z现代
606    @a电影剧本@y英国@z现代
690    @aI561.35@v3
690    @aI207.35@v3
711 02 @a中国电影出版社@Azhong guo dian ying chu ban she@4编辑
801  0 @aCN@bNLC@c20040322
905    @dI207.35@e5@f3@b30057-059@f0
    
    豺狼的日子/中国电影出版社编辑.-北京:中国电影出版社,1979
    430页;20cm.-(外国影片研究丛书).-(外国影片研究丛书)
    
    
    ISBN :CNY1.60
    
●
相关链接 在E读中查询图书 在五车中查询图书 在当当中查询图书 在豆瓣中查询图书


正题名:豺狼的日子     索取号:I207.35/5         预约/预借

序号 登录号 条形码 馆藏地/架位号 状态 备注
1 0030057   000546706   密集书库/ [索取号:I207.35/5] 在馆    
2 0030058   000546626   密集书库/ [索取号:I207.35/5] 在馆    
3 0030059   000546617   密集书库/ [索取号:I207.35/5] 在馆    
4 0030167   001922575   密集书库/ [索取号:I207.35/5] 在馆    
5 0030168   001904639   密集书库/ [索取号:I207.35/5] 在馆    
6 0227727   000546662   第一样本阅览室/ [索取号:I207.35/5] 在馆    
唐山师范学院图书馆 欢迎您!
大连网信软件有限公司© 版权所有